00286nam a2200121Ia 4500008004100000100002200041245002000063260003000083300000900113650001800122942000700140999001700147190216s9999||||xx |||||||||||||| ||und|| aJohn Dover Wilson 0aTimon Of Athens bCambridge Uty Pressc1968 a189p aEnglish Drama cBK c12433d12433